000 00933nam0a22002651 4500
001 rc\3581037
005 20250610044200.0
021 _aRU
_b96-ВП-4268/14
035 _a(NLR Aleph) 007697218
090 _a6705960
_c6705960
100 _a20130115d1974 |||y0rusy50 ca
101 0 _arus
102 _aRU
105 _ay z |||||
200 1 _aОтчет о командировке в ФРГ
_fАН СССР. ВИНИТИ
210 _aМосква
_cБ. и.
_d1974
215 _a16 с.
_d21
300 _aПеред загл. авт.: А.К. Пикаев; на 3-й с. - проф. А.К. Пикаев
532 1 2 _aОтчет о командировке в Федеративную Республику Германию
700 1 _aПикаев
_bА.К.
_f1930-
_gАлексей Константинович
801 0 _aRU
_bNLR
_gpsbo
801 1 _aRU
_bELAR
_2rusmarc
852 _aNLR
_j96-6/1247
942 _cBOOK
980 _aNB